000 00447nam a2200157Ia 4500
008 240729s9999 xx 000 0 und d
022 _a2767-6021
245 0 _aJournal of Awareness-Based Systems Change
260 _aUnited States
260 _bPresencing Institute
650 _a Social sciences (General)
650 _aSocial Sciences
856 _uhttps://doaj.org/toc/d7b7097e62564389a2c984827fe79e31
942 _2ddc
942 _cDOAJEJ
999 _c74704
_d74704
945 _a1
_bMadushi Gamage
_c1
_dMadushi Gamage